[Event "Aniversario del Par de Alfiles"]
[Site "Asuncion PAR"]
[Date "2006.12.08"]
[Round "5"]
[White "Escofet,J"]
[Black "Latorre,Man"]
[Result "1/2-1/2"]
[WhiteElo "2165"]
[BlackElo "2247"]

1.e4 c5 2.Nf3 Nc6 3.d4 cxd4 4.Nxd4 e6 5.Nc3 Qc7 6.g3 a6 7.Bg2 Nf6 8.O-O d6
9.Re1 Be7 10.Nxc6 bxc6 11.e5 dxe5 12.Rxe5 O-O 13.Re1 Rd8 14.Qe2 Bb7 15.Bf4 Qa5
16.Ne4 Nxe4 17.Bxe4 Bf6 18.c3 Qb5 19.Qc2 g6  1/2-1/2

[Event "Bundesliga 2006-7"]
[Site "Bann GER"]
[Date "2006.12.09"]
[Round "5"]
[White "Paehtz,E"]
[Black "Schlosser,P"]
[Result "1/2-1/2"]
[WhiteElo "2449"]
[BlackElo "2554"]

1.e4 c5 2.Nf3 e6 3.d4 cxd4 4.Nxd4 Nc6 5.Nc3 Qc7 6.Be3 a6 7.Bd3 Nf6 8.O-O b5
9.Nxc6 Qxc6 10.f3 Bc5 11.Bxc5 Qxc5+ 12.Kh1 O-O 13.Qe1 d6 14.a3 Bd7 15.e5 Bc6
16.f4 Qb6 17.b4 Ng4 18.Qh4 f5 19.exf6 Nxf6 20.Qh3 Rae8 21.Rae1 Qb7 22.Kg1 e5
23.Bf5 g6 24.Be6+ Kg7 25.fxe5 dxe5 26.Bb3 h5 27.Qg3 Qb6+  1/2-1/2

[Event "Open A"]
[Site "Benidorm ESP"]
[Date "2006.12.09"]
[Round "9"]
[White "Martinez Tormo,J"]
[Black "Mena,A"]
[Result "0-1"]
[WhiteElo "2206"]
[BlackElo "2149"]

1.e4 c5 2.Nf3 e6 3.d4 cxd4 4.Nxd4 Nc6 5.Nc3 Qc7 6.Be3 a6 7.Be2 Nf6 8.O-O Bb4
9.Nxc6 bxc6 10.Bd3 d5 11.exd5 cxd5 12.Bd4 Bd6 13.Re1 Bb7 14.g3 h5 15.Bxf6 gxf6
16.Bf1 O-O-O 17.Qd4 h4 18.Qxf6 hxg3 19.hxg3 Bxg3 20.fxg3 Qxg3+ 21.Bg2 Rdg8
22.Re2 d4 23.Qf2 Qh2+ 24.Kf1 Rxg2  0-1

[Event "Open A"]
[Site "Benidorm ESP"]
[Date "2006.12.09"]
[Round "9"]
[White "Forsaa,E"]
[Black "Uribe Arteaga,D"]
[Result "1-0"]
[WhiteElo "2170"]
[BlackElo "2202"]

1.e4 c5 2.Nf3 e6 3.Nc3 Nc6 4.d4 cxd4 5.Nxd4 Qc7 6.Be3 a6 7.Bd3 Nf6 8.O-O Ne5
9.Nf3 Nfg4 10.Nxe5 Nxe3 11.Qh5 g6 12.Qf3 Qxe5 13.fxe3 f6 14.Qxf6 Qxf6 15.Rxf6 Bc5
16.Kf2 Ke7 17.Rf3 d6 18.e5 d5 19.Kg3 Bd7 20.Raf1 Rhf8 21.h4 Bb6 22.Rxf8 Rxf8
23.Rxf8 Kxf8 24.Kf4 Bd8 25.g3 Kg7 26.Ne2 h6 27.Nd4 g5+ 28.hxg5 hxg5+ 29.Kg4 Kh6
30.e4 Bc7 31.exd5 Bxe5 32.dxe6 Ba4 33.c3 Bd1+ 34.Kf5 Bxg3 35.e7 Bh5 36.Kf6  1-0

[Event "Steinhart Mem"]
[Site "Herzeliya ISR"]
[Date "2006.12.09"]
[Round "4"]
[White "Haimovich,T"]
[Black "Shutzman,J"]
[Result "1-0"]
[WhiteElo "2436"]
[BlackElo "2255"]

1.e4 c5 2.Nf3 Nc6 3.Nc3 e6 4.d4 cxd4 5.Nxd4 d6 6.Be3 Nf6 7.Qd2 a6 8.O-O-O Qc7
9.f3 Be7 10.g4 Ne5 11.Qe2 b5 12.g5 Nfd7 13.f4 b4 14.Nb1 Nc6 15.Nxc6 Qxc6
16.Nd2 Bb7 17.Qf2 O-O 18.Kb1 a5 19.Rg1 a4 20.Bd3 b3 21.cxb3 axb3 22.Nxb3 Qa4
23.Nc1 Bxe4 24.Qc2 Bxd3 25.Rxd3 Qa5 26.Ra3 Qb5 27.Rxa8 Rxa8 28.Rd1 Nb6 29.Bxb6 Qxb6
30.Rd3 g6 31.Rb3 Qd4 32.Qc6 Rf8 33.Qb7 Bd8 34.Qb4 Qg1 35.Qxd6 Qa7 36.Qc6 Qd4
37.Rf3 Ba5 38.Ra3 Bd2 39.Ra4 Qg1 40.Rc4 Qxh2 41.Qd6 Be3 42.a4 Qh1 43.Qd3 Qg1
44.Qc3 Qf2 45.Qc2 Qf1 46.Qe2 Qg1 47.Qc2 Qf1 48.Qd3 Qg1 49.Qc3 Qf2 50.Nd3 Qf1+
51.Ka2 Rd8 52.Rc8 Bb6 53.Rxd8+ Bxd8 54.Qd4 Bc7 55.Qe4 Qg1 56.Ne5 Qd1 57.Nd3 h5
58.gxh6 Kh7 59.Qd4 e5 60.fxe5 Bxe5  1-0

[Event "Bundesliga 2006-7"]
[Site "Remagen GER"]
[Date "2006.12.09"]
[Round "5"]
[White "Fressinet,L"]
[Black "Sokolov,And1"]
[Result "1-0"]
[WhiteElo "2640"]
[BlackElo "2572"]

1.e4 c5 2.Nf3 e6 3.d4 cxd4 4.Nxd4 Nc6 5.Nc3 d6 6.Be3 Nf6 7.Qd2 Be7 8.f3 O-O
9.g4 d5 10.g5 Nxd4 11.Qxd4 Nh5 12.O-O-O Bxg5 13.Kb1 Bf6 14.e5 Bg5 15.f4 Bh6
16.Be2 Qh4 17.Bf2 Qh3 18.Rdg1 f5 19.Bg3 Bd7 20.Nd1 Nxf4 21.Bxf4 Qh4 22.Rf1 g5
23.Rhg1 Kf7 24.Be3 Qxd4 25.Bxd4 Kg6 26.Nf2 b6 27.h4  1-0

[Event "Bundesliga 2006-7"]
[Site "Solingen GER"]
[Date "2006.12.09"]
[Round "5"]
[White "Hoffmann,Mi1"]
[Black "Firman,N"]
[Result "1-0"]
[WhiteElo "2477"]
[BlackElo "2495"]

1.e4 c5 2.Nf3 e6 3.Nc3 Nc6 4.d4 cxd4 5.Nxd4 a6 6.Nxc6 bxc6 7.Bd3 d5 8.O-O Nf6
9.Re1 Be7 10.e5 Nd7 11.Qg4 g6 12.Na4 c5 13.Bh6 c4 14.Bf1 Bb7 15.Qh3 Bc6 16.Nc3 Qb6
17.b3 Bc5 18.Qg3 Qb7 19.bxc4 d4 20.Rab1 Nb6 21.Ne2 Qc7 22.c3 dxc3 23.Nxc3 Na4
24.Nxa4 Bxa4 25.Bg7 Rg8 26.Bf6 Kd7 27.Qd3+ Kc8 28.Be2 Rb8 29.Bf3 Bc6 30.Be4 Rxb1
31.Rxb1 Qd7 32.Qf3 Kc7 33.Rd1 Qxd1+ 34.Qxd1 Bxe4 35.Qe1 Bc6 36.Qa5+ Bb6 37.Qa3 Re8
38.Be7 Rc8 39.c5 Ba7 40.Qxa6 Ra8 41.Bd6+ Kd7 42.Qa5 Bb8  1-0

[Event "FSGM December"]
[Site "Budapest HUN"]
[Date "2006.12.10"]
[Round "9"]
[White "Szabo,Kr1"]
[Black "Fogarasi,T"]
[Result "1/2-1/2"]
[WhiteElo "2476"]
[BlackElo "2425"]

1.e4 c5 2.Nf3 e6 3.d4 cxd4 4.Nxd4 Nc6 5.Nc3 Qc7 6.Be3 a6 7.Qd2 Nf6 8.O-O-O Bb4
9.f3 Ne7 10.Nde2 b5 11.Bf4 e5 12.Bg5 Bb7 13.Bxf6  1/2-1/2

[Event "XV Asiad Classical"]
[Site "Doha QAT"]
[Date "2006.12.10"]
[Round "5"]
[White "Jamalia,N"]
[Black "Mongontuul,B"]
[Result "0-1"]
[WhiteElo "1988"]
[BlackElo "2383"]

1.e4 c5 2.Nf3 e6 3.d4 cxd4 4.Nxd4 Nc6 5.Nc3 Qc7 6.Be2 Nf6 7.O-O a6 8.a3 Nxd4
9.Qxd4 Bc5 10.Qd3 b5 11.Be3 Bb7 12.Kh1 O-O 13.f4 d5 14.exd5 Nxd5 15.Nxd5 Bxd5
16.Qc3 Rac8 17.Bxc5 Qxc5 18.Qxc5 Rxc5 19.Bd3 g6 20.Rad1 Rb8 21.Rd2 Bc4 22.Bxc4 bxc4
23.c3 Rd5 24.Rxd5 exd5 25.Rf2 Kf8 26.Kg1 Ke7 27.Rd2 Kd6 28.Kf2 Kc5 29.Ke2 a5
30.g3 Re8+ 31.Kd1 Re4 32.Kc2 a4 33.Rf2 f5 34.Rg2 h5 35.Rf2 Re3 36.Rg2 Rf3
37.Kd2 Rd3+ 38.Kc2 Re3 39.Rd2 Rf3 40.Rg2 d4 41.cxd4+ Kxd4 42.Re2 c3 43.bxc3+ Rxc3+
44.Kb2 Rb3+ 45.Ka2 Re3 46.Rb2 Kc3 47.Rg2 Rd3 48.Rg1 Rd2+ 49.Kb1 Rxh2 50.Re1 Rg2
51.Re3+ Kd2 52.Re6 Rxg3  0-1

[Event "FSIM December"]
[Site "Budapest HUN"]
[Date "2006.12.11"]
[Round "10"]
[White "Horvath,And"]
[Black "Humphrey,J"]
[Result "1/2-1/2"]
[WhiteElo "2305"]
[BlackElo "2256"]

1.e4 c5 2.Nf3 e6 3.d4 cxd4 4.Nxd4 Nc6 5.Nc3 Qc7 6.Be2 a6 7.O-O Nf6 8.Kh1 Nxd4
9.Qxd4 Bc5 10.Qd3 b5 11.Bg5 Bb7 12.Rad1 Bb4 13.Bf3 Bxc3 14.bxc3 Rc8 15.Bxf6 gxf6
16.Qd4 Ke7 17.Rd3 d6 18.Rfd1 Rcd8 19.e5 fxe5 20.Qh4+ f6 21.Bxb7 Qxb7 22.Rg3 Rdf8
23.Rg7+ Rf7 24.Rxf7+ Kxf7 25.Rxd6 h5 26.Qh3 f5 27.Qe3 Qe4 28.Qd2  1/2-1/2

[Event "Aniversario del Par de Alfiles"]
[Site "Asuncion PAR"]
[Date "2006.12.12"]
[Round "11"]
[White "Zacarias,M"]
[Black "Valiente,C"]
[Result "1-0"]
[WhiteElo "2095"]
[BlackElo "2276"]

1.e4 c5 2.Nf3 Nc6 3.d4 cxd4 4.Nxd4 e6 5.Nc3 Qc7 6.Be3 a6 7.Bd3 Nf6 8.O-O Bd6
9.h3 Bh2+ 10.Kh1 Bf4 11.Bxf4 Qxf4 12.Nce2 Qc7 13.f4 d6 14.c4 Bd7 15.Rc1 Nxd4
16.Nxd4 e5 17.fxe5 dxe5 18.Nf5 Bxf5 19.Rxf5 O-O-O 20.Qe2 Rd4 21.c5 Rhd8 22.c6 Kb8
23.Rc3 bxc6 24.Qc2 c5 25.Rxc5 Qb7 26.Rf3 Rb4 27.Qc3 Rxb2 28.Qxe5+ Ka8 29.Bxa6 Rb1+
30.Kh2 Qb2 31.Bb7+ Ka7 32.Ra5+ Kxb7 33.Rb3+ Qxb3 34.axb3 Rxb3 35.Qc5 Rb6
36.e5 Ng8 37.Rb5 Rxb5 38.Qxb5+ Kc7 39.Qc4+  1-0

[Event "13th Open A"]
[Site "Zadar CRO"]
[Date "2006.12.13"]
[Round "4"]
[White "Zivkovic,Vj"]
[Black "Arnaudov,P"]
[Result "1/2-1/2"]
[WhiteElo "2412"]
[BlackElo "2215"]

1.e4 c5 2.Nf3 e6 3.d4 cxd4 4.Nxd4 Nc6 5.Nc3 Qc7 6.Be2 a6 7.O-O Nf6 8.Be3 Bb4
9.Na4 Be7 10.Nxc6 bxc6 11.Nb6 Rb8 12.Nxc8 Qxc8 13.Bd4 c5 14.Be5 Rb6 15.b3 O-O
16.Bd3 d6 17.Bb2 Qc6 18.e5 dxe5 19.Bxe5 Nd7 20.Bg3 Bd6 21.f4 Nf6 22.Be1 Nd5
23.Bd2 Nb4 24.Bc4 Qe4 25.c3 Nc2 26.Rc1 Na3 27.Qe2 Qc6 28.Bd3 c4 29.Be4 Qc7
30.b4 f5 31.Bc2 Nxc2 32.Rxc2 e5 33.Be3 Rc6 34.Qf2  1/2-1/2

[Event "13th Open A"]
[Site "Zadar CRO"]
[Date "2006.12.14"]
[Round "5"]
[White "Zufic,M"]
[Black "Kovacevic,A"]
[Result "0-1"]
[WhiteElo "2427"]
[BlackElo "2541"]

1.e4 c5 2.Nf3 e6 3.d4 cxd4 4.Nxd4 Nc6 5.Nc3 d6 6.Be3 Nf6 7.Be2 Be7 8.O-O O-O
9.Kh1 a6 10.a4 Qc7 11.f4 Re8 12.Bf3 Na5 13.Qe1 Nc4 14.Bc1 e5 15.Nde2 Bd7
16.b3 Na5 17.Bd2 Nc6 18.Qg3 Nb4 19.fxe5 dxe5 20.Bh6 Bf8 21.Bg5 Be7 22.Bh6 g6
23.Bg5 Kg7 24.Rad1 h6 25.Bd2 Rac8 26.h3 Be6 27.Rc1 Red8 28.Be3 Bc5 29.Bxc5 Qxc5
30.Nd5 Nbxd5 31.exd5 Bxd5 32.c4 Bc6 33.b4 Qe7 34.b5 Bxf3 35.Qxf3 axb5 36.axb5 e4
37.Qc3 Rc5 38.Ng3 Re5 39.Qb2 Rd3 40.Ne2 e3 41.Qa1 Rd2 42.Nf4 g5 43.Nd5 Nxd5
44.cxd5 Rxd5 45.b6 e2 46.Rfe1 Qf6 47.Rc8 Re6 48.Qc1 Red6  0-1

[Event "TCh-NED 2006-7"]
[Site "Netherlands NED"]
[Date "2006.12.16"]
[Round "4"]
[White "Berelovich,A"]
[Black "Souleidis,G"]
[Result "1-0"]
[WhiteElo "2568"]
[BlackElo "2412"]

1.e4 c5 2.Ne2 Nc6 3.Nbc3 e6 4.d4 cxd4 5.Nxd4 Nf6 6.Nxc6 bxc6 7.e5 Nd5 8.Ne4 Qa5+
9.c3 Ba6 10.Bxa6 Qxa6 11.b3 f5 12.exf6 Nxf6 13.Nd6+ Bxd6 14.Qxd6 Ne4 15.Qd4 Nf6
16.c4 O-O 17.O-O d5 18.Re1 Rae8 19.Bb2 Qb7 20.f3 Rf7 21.Rac1 h6 22.Rc2 Nd7
23.cxd5 cxd5 24.Qa4 Qb8 25.Qc6 Nf8 26.Be5 Qd8 27.Bc7 Qd7 28.Qxd7 Rxd7 29.Be5 Ng6
30.Bd4 Kf7 31.f4 h5 32.g3 Ne7 33.Kf2 Nf5 34.Rd1 Nxd4 35.Rxd4 Ree7 36.Ke3 Rc7
37.Rdd2 Kf6 38.Kd4 Kf5 39.b4 Rb7 40.a3 a5 41.bxa5 Rb3 42.Rc3 Rb1 43.Rc5 g5
44.fxg5 Rb3 45.Rd3 e5+ 46.Ke3 d4+ 47.Ke2 Rb2+ 48.Rd2 Rb3 49.Rxd4 Rxa3 50.Rdd5 Ra2+
51.Kf3 Rxh2 52.a6 Rb2 53.Rb5 Rc2 54.Rdc5 Rd2 55.Ra5 Rd3+ 56.Kg2 Rdd7 57.Kh3 Ke4
58.Kh4 Kd4 59.a7 Rxa7 60.Rxe5 Rxe5 61.Rxa7 Re1 62.Rd7+ Kc5 63.Kxh5  1-0

[Event "6th Amplico AIG Life"]
[Site "Warsaw POL"]
[Date "2006.12.16"]
[Round "5"]
[White "Dworakowska,J"]
[Black "Kolosowski,M"]
[Result "1-0"]
[WhiteElo "2372"]
[BlackElo "2189"]

1.e4 c5 2.Nf3 e6 3.d4 cxd4 4.Nxd4 Nc6 5.Nc3 Qc7 6.Be3 a6 7.a3 Nf6 8.Be2 Be7
9.g4 h6 10.Qd2 b5 11.f4 Bb7 12.Bf3 d6 13.g5 hxg5 14.fxg5 Nd7 15.g6 Bh4+ 16.Bf2 Nxd4
17.gxf7+ Kxf7 18.Qxd4 Bf6 19.Qd2 Ne5 20.Be2 Nc4 21.Bxc4 Qxc4 22.O-O-O Rhd8
23.Bd4 Bxd4 24.Qxd4 Qxd4 25.Rxd4 Rd7 26.Rhd1 Ke7 27.Rg1 Kf6 28.Rd3 Rg8 29.h4 Bc6
30.h5 Rh8 31.Rf3+ Ke7 32.Rxg7+ Kd8 33.Rg6 Re7 34.h6 Be8 35.Rgf6 Kd7 36.Rd3 Rf7
37.Rxf7+ Bxf7 38.e5 d5 39.Ne4 Rxh6 40.Nc5+ Kc6 41.Nxa6 Rh5 42.Nb4+ Kb6 43.Re3 Bg6
44.Kd2 Be4 45.Nd3 Bf5 46.Nf4 Rh2+ 47.Re2 Rh4 48.Rf2 Kc5 49.Kc3 d4+ 50.Kd2 Rh1
51.Rg2 Rb1 52.b4+ Kc6 53.Rg8 Ra1 54.Rd8 Rxa3 55.Rxd4 Rf3 56.Nxe6 Rf2+ 57.Ke3 Rxc2
58.Rd6+ Kb7 59.Nc5+ Kc7 60.Rd4 Rc1 61.Kf4 Bc8 62.e6 Re1 63.Kf5 Rf1+ 64.Kg6 Rg1+
65.Kf7 Rf1+ 66.Ke8 Re1 67.Ke7 Re2 68.Rf4 Kc6 69.Kf7 Bxe6+ 70.Nxe6 Kd5 71.Nc7+ Kc6
72.Ne6 Rb2 73.Rd4 Rc2 74.Kf6 Rf2+ 75.Ke5 Re2+ 76.Re4 Rb2 77.Nd4+ Kb6 78.Nf5 Rd2
79.Rd4 Rc2 80.Ne3 Re2 81.Ke4 Kb7 82.Kd3 Rh2 83.Rd6 Kc7 84.Re6 Rh4 85.Re4 Rh5
86.Kd4 Rh1 87.Kc5 Rh5+ 88.Nd5+ Kb7 89.Re7+ Ka6 90.Re6+ Ka7 91.Rd6  1-0

[Event "6th Amplico AIG Life"]
[Site "Warsaw POL"]
[Date "2006.12.16"]
[Round "6"]
[White "Heberla,B"]
[Black "Firman,N"]
[Result "0-1"]
[WhiteElo "2569"]
[BlackElo "2495"]

1.e4 c5 2.Nf3 e6 3.d4 cxd4 4.Nxd4 Nc6 5.Nc3 a6 6.Be2 Qc7 7.O-O b5 8.Nxc6 dxc6
9.a4 b4 10.Nb1 Bc5 11.Nd2 Nf6 12.Bd3 e5 13.Nb3 Ba7 14.h3 a5 15.Qe2 O-O 16.Be3 Be6
17.Bxa7 Qxa7 18.Bc4 Rfe8 19.Bxe6 Rxe6 20.Rad1 Nd7 21.Rd2 g6 22.Qe3 Nb6 23.Ra1 Kg7
24.Nc5 Re7 25.b3 Nd7 26.Nxd7 Rxd7 27.Qxa7 Raxa7 28.Rad1 Rdc7 29.Kf1 h5 30.Ke2 c5
31.Rd5 c4 32.Rxe5 cxb3 33.cxb3 Rc3 34.Rd3 Rc2+ 35.Rd2 Rc3 36.Rd3 Rc2+ 37.Ke3 Rb2
38.Rc5 Rb1 39.g4 h4 40.g5 Kf8 41.f4 Rh1 42.Kd4 Ke7 43.f5 Rd7+ 44.Rd5 Rxd5+
45.Kxd5 Rg1 46.f6+ Ke8 47.Kd6 Rxg5 48.Rd4 Rg3 49.Rd5 Rxh3 50.Rxa5 Rd3+ 51.Ke5 h3
52.Rc5 Rc3 53.Rd5 h2 54.Rd1 Rxb3 55.Rh1 Rb2 56.a5 Ra2 57.Kd6 g5 58.Rc1 Kd8
59.Kc6  0-1

[Event "6th Amplico AIG Life"]
[Site "Warsaw POL"]
[Date "2006.12.16"]
[Round "6"]
[White "Swiercz,D"]
[Black "Cmilyte,V"]
[Result "0-1"]
[WhiteElo "2311"]
[BlackElo "2469"]

1.e4 c5 2.Nf3 e6 3.d4 cxd4 4.Nxd4 Nc6 5.Nc3 a6 6.Nxc6 bxc6 7.Bd3 d5 8.O-O Nf6
9.Qe2 Be7 10.b3 O-O 11.Bb2 Qc7 12.Rad1 Bd6 13.h3 e5 14.Bc1 Bb4 15.Bd2 d4
16.Na4 Bxd2 17.Qxd2 Nh5 18.Nb2 Nf4 19.Bc4 Qd7 20.f3 Qe7 21.Nd3 Nxd3 22.cxd3 a5
23.f4 exf4 24.Rxf4 Kh8 25.Rdf1 f6 26.Qf2 Qe5 27.Qg3 Bd7 28.R4f3 Qxg3 29.Rxg3 a4
30.bxa4 Rxa4 31.e5 f5 32.e6 Rxc4 33.e7 Re8 34.dxc4 Rxe7 35.Rb3 Kg8 36.Rb7 Kf7
37.Rd1 c5 38.Rc7 Ba4 39.Rxe7+ Kxe7 40.Rd2 Bd7 41.Kf2 Kd6 42.Ke2 f4 43.Kf3 g5
44.Rd1 Be6 45.Rc1 Bd7 46.h4 Bc6+ 47.Kf2 g4 48.g3 fxg3+ 49.Kxg3 h5 50.Kf4 Be8
51.Rc2 Bf7 52.a4 d3 53.Rc1 Bxc4 54.a5 Ba6 55.Rb1 c4 56.Rb6+ Kc5 57.Ke3 Bc8
58.Rb8 Ba6 59.Rb6 Bb5 60.Rh6 c3 61.Rxh5+ Kb4 62.Rd5 g3 63.h5 g2 64.Rd4+ Kxa5
65.Rg4 d2 66.Rxg2 d1=Q 67.Ra2+ Kb6  0-1

[Event "6th Amplico AIG Life"]
[Site "Warsaw POL"]
[Date "2006.12.16"]
[Round "7"]
[White "Zapolskis,A"]
[Black "Kolosowski,M"]
[Result "1-0"]
[WhiteElo "2377"]
[BlackElo "2189"]

1.e4 c5 2.Nf3 e6 3.d4 cxd4 4.Nxd4 Nc6 5.Nc3 Qc7 6.g3 a6 7.Bg2 Nf6 8.Nb3 b5
9.O-O Bb7 10.Re1 d6 11.a4 b4 12.Na2 Be7 13.Bd2 a5 14.c3 Qb6 15.Be3 Qd8 16.Nd4 Ne5
17.cxb4 axb4 18.Nxb4 d5 19.Nd3 Nxd3 20.Qxd3 dxe4 21.Qb5+ Qd7 22.Qxd7+ Nxd7
23.Bd2 Bf6 24.Bc3 O-O 25.Nb5 Bxc3 26.Nxc3 Nc5 27.b4 Nd3 28.Reb1 f5 29.b5 Rfc8
30.Nd1 Rc4 31.a5 Rb4 32.a6 Rxb1 33.Rxb1 Bd5 34.Ne3 Nc5 35.Bf1 Rb8 36.Nxd5 exd5
37.b6  1-0

[Event "6th Amplico AIG Life"]
[Site "Warsaw POL"]
[Date "2006.12.16"]
[Round "8"]
[White "Hunt,A"]
[Black "Warszawski,B"]
[Result "1-0"]
[WhiteElo "2462"]
[BlackElo "2275"]

1.e4 c5 2.Nf3 e6 3.d4 cxd4 4.Nxd4 Nc6 5.Nc3 Qc7 6.Be3 a6 7.Bd3 Nf6 8.O-O b5
9.Nxc6 dxc6 10.f4 b4 11.Nb1 c5 12.Nd2 Bb7 13.b3 Be7 14.Kh1 O-O 15.Qe2 e5
16.f5 Bc6 17.Bg5 Rfd8 18.Nf3 a5 19.Rae1 a4 20.Qf2 axb3 21.axb3 Bb7 22.Qg3 Ba6
23.Bxa6 Rxa6 24.Qxe5 Qxe5 25.Nxe5 h6 26.Bh4 Rd2 27.Nd3 Rxc2 28.Nf4 Ra7 29.e5 Ng4
30.Bg3 Rc3 31.Rf3 Bg5 32.Nd5 Bd2 33.Rd1 Ra2 34.e6 Ne3 35.Nxe3 Bxe3 36.e7 Ra8
37.Rxe3 Rxe3 38.Rd8+ Kh7 39.Rxa8 Rxe7 40.Bf2 Re2 41.Kg1 Rb2 42.Bxc5 Rxb3
43.Kf2 Rb2+ 44.Kf3 h5 45.Rb8 b3 46.Bd4 Rb1 47.Rb7 Kh6 48.Rxf7 b2 49.Bxg7+ Kg5
50.h4+  1-0

[Event "6th Amplico AIG Life"]
[Site "Warsaw POL"]
[Date "2006.12.16"]
[Round "8"]
[White "Kanarek,M"]
[Black "Jaracz,P"]
[Result "1/2-1/2"]
[WhiteElo "2244"]
[BlackElo "2476"]

1.e4 c5 2.Nf3 e6 3.d4 cxd4 4.Nxd4 Nc6 5.Nc3 Qc7 6.Nxc6 bxc6 7.Bd3 e5 8.O-O Nf6
9.f4 Bd6 10.Qf3 exf4 11.Bxf4 Bxf4 12.Qxf4 Qxf4 13.Rxf4 d6 14.Bc4 Be6 15.Bxe6 fxe6
16.e5 dxe5 17.Rc4 Kd7 18.Re1 Rab8 19.b3 Kd6 20.a4 Rhf8 21.Ne4+ Nxe4 22.Rcxe4 Rf5
23.Rd1+ Kc7 24.Rde1 Rd8 25.Rxe5 Rxe5 26.Rxe5 Rd1+ 27.Kf2 Rd2+ 28.Re2 Rd6
29.Kf3 c5 30.Re4 Kd7 31.Rh4 h6 32.Rg4 g5 33.Rc4 Rd5 34.Kg4 Rd2 35.g3 Kd6
36.h3 Rd4+ 37.Kf3 Rxc4 38.bxc4 Kc6 39.Ke4 Kb6 40.Ke5 Ka5 41.Kxe6 Kxa4 42.Kd5 Kb4
43.c3+ Kb3 44.Kxc5 a5 45.Kd5 a4 46.c5 a3 47.c6 a2 48.c7 a1=Q 49.c8=Q Qd1+
50.Ke4 Qe1+ 51.Kf3 Qd1+ 52.Ke4 Qe1+ 53.Kf5 Qxg3 54.Kg6 Qh4 55.c4 h5 56.c5 g4
57.hxg4 Qxg4+ 58.Qxg4 hxg4 59.c6 g3 60.c7 g2 61.c8=Q g1=Q+  1/2-1/2

[Event "GM Multicoms"]
[Site "Paris FRA"]
[Date "2006.12.18"]
[Round "6"]
[White "Draoui,N"]
[Black "Bellaiche,A"]
[Result "1-0"]
[WhiteElo "2416"]
[BlackElo "2472"]

1.e4 c5 2.Nf3 e6 3.d4 cxd4 4.Nxd4 Nc6 5.Nc3 a6 6.Be2 Qc7 7.O-O Nf6 8.Be3 d6
9.a4 Be7 10.f4 O-O 11.Kh1 Nxd4 12.Bxd4 e5 13.Be3 exf4 14.Bxf4 Be6 15.Qd4 Nd7
16.Rad1 Ne5 17.Bg3 Rad8 18.Rf2 Rfe8 19.Nd5 Bxd5 20.Qxd5 Bf8 21.c3 Rd7 22.Rf5 Ree7
23.Bh4 Re8 24.Bg3 Ree7 25.h3 g6 26.Rf6 Re8 27.c4 Qd8 28.Rff1 Bg7 29.b4 Qb6
30.Qd2 a5 31.bxa5 Qb3 32.Bh2 Qxa4 33.Qd5 Qc2 34.Rd2 Qc3 35.Ra2 h5 36.Qb5 Rde7
37.Bf4 Nc6 38.Bxd6 Nd4 39.Qd5 Rxe4 40.Qxf7+ Kh7 41.Ra3 Qd2 42.Bd3 R4e6 43.c5 Qg5
44.Bc4 Re1 45.Rg3 Qf5 46.Rxe1 Rxe1+ 47.Kh2 h4 48.Rg4 Qxf7 49.Bxf7 g5 50.Rxg5 Bh6
51.Rg4 Be3 52.Bg8+  1-0

[Event "Bykova Mem"]
[Site "Vladimir RUS"]
[Date "2006.12.19"]
[Round "6"]
[White "Zimina,O"]
[Black "Vasilevich,I"]
[Result "0-1"]
[WhiteElo "2398"]
[BlackElo "2321"]

1.e4 c5 2.Nf3 e6 3.d4 cxd4 4.Nxd4 Nc6 5.Nc3 a6 6.Be3 Nf6 7.Be2 Qc7 8.O-O Be7
9.f4 d6 10.a4 O-O 11.Kh1 Re8 12.Bf3 Rb8 13.Qe1 Nxd4 14.Bxd4 e5 15.Ba7 Ra8
16.Be3 Bd7 17.a5 exf4 18.Bxf4 Bc6 19.Qf2 Nd7 20.Rad1 Bf8 21.b4 Ne5 22.Rfe1 Rac8
23.Be3 Re6 24.Bd4 Rce8 25.Nd5 Bxd5 26.exd5 R6e7 27.Be4 g6 28.h3 Bg7 29.c3 Qc4
30.Bb1 Nd7 31.Rxe7 Rxe7 32.Kh2 Be5+ 33.Bxe5 Nxe5 34.Qf6 Qe2 35.Rf1 Re8 36.Rf2 Qh5
37.Qf4 Rc8 38.Qg3 Rc4 39.Kg1 Qd1+ 40.Rf1 Qd2 41.Qe1 Qb2 42.Qf2 Qxc3 43.Qf6 Qg3
44.Qd8+ Kg7 45.Qf6+ Kh6 46.Kh1 Rxb4 47.Qxd6 Rb2 48.Be4 Re2 49.Bf3 Re1 50.Rxe1 Qxe1+
51.Kh2 Kg5 52.Qd8+ f6 53.d6 Nf7 54.Qe7 Ne5 55.Qxb7 Qd2  0-1

[Event "44th National A ch-IND"]
[Site "Atul IND"]
[Date "2006.12.20"]
[Round "4"]
[White "Swathi,G"]
[Black "Himanshu,Sh"]
[Result "0-1"]
[WhiteElo "2385"]
[BlackElo "2387"]

1.e4 c5 2.Nf3 Nc6 3.d4 cxd4 4.Nxd4 e6 5.Nc3 Qc7 6.Be3 a6 7.Be2 Nf6 8.O-O Bb4
9.Na4 Be7 10.Nxc6 bxc6 11.Nb6 Rb8 12.Nxc8 Qxc8 13.e5 Nd5 14.Bc1 Bc5 15.c4 Ne7
16.b3 Qc7 17.Bb2 Ng6 18.Qd3 O-O 19.Qe4 d6 20.exd6 Bxd6 21.g3 Rfd8 22.c5 Bxc5
23.Bxa6 Rd2 24.Bc3 Rxf2 25.Rxf2 Qb6 26.Rf1 Bxf2+ 27.Rxf2 Qxa6 28.h4 Qb5 29.Qf3 f6
30.Qg4 Re8 31.Bxf6 gxf6 32.h5 f5 33.Qg5 Kg7 34.hxg6 hxg6 35.Qe3 Kf6 36.Rc2 Rd8
37.Kf2 Rd1 38.Rc4 Qd5 39.Qc3+ Kf7 40.Rxc6 Qd2+ 41.Qxd2 Rxd2+ 42.Ke3 Rxa2
43.Kd4 Rd2+ 44.Ke5 Rd5+ 45.Kf4 Rd3  0-1

[Event "44th National A ch-IND"]
[Site "Atul IND"]
[Date "2006.12.20"]
[Round "4"]
[White "Ganguly,S"]
[Black "Sengupta,D"]
[Result "1-0"]
[WhiteElo "2573"]
[BlackElo "2420"]

1.e4 c5 2.Nf3 e6 3.d4 cxd4 4.Nxd4 Nc6 5.Nc3 Qc7 6.Be3 a6 7.Qd2 Nf6 8.O-O-O Bb4
9.f3 Ne7 10.Nde2 b5 11.a3 Ba5 12.Qd4 e5 13.Qc5 Bb7 14.g4 h6 15.b4 Rc8 16.Qxc7 Bxc7
17.Bc5 Rd8 18.Ng3 d6 19.Be3 d5 20.Bc5 d4 21.Nxb5 axb5 22.Bxb5+ Bc6 23.Bxe7 Bxb5
24.Bxd8 Bxd8 25.Kb2 Ba4 26.Rd3 Nd7 27.c3 O-O 28.cxd4 exd4 29.f4 g5 30.Nf5 gxf4
31.Nxh6+ Kh7 32.Nf5 Ne5 33.Rxd4 Bf6 34.Kb1 Nxg4 35.Rd6 Be5 36.Rd5 Bc6 37.h3 Nf2
38.Rxe5 Nxh1 39.Nd4 Ng3 40.Nxc6 f3 41.Rc5 f2 42.Rc1 Re8 43.e5 f6 44.b5 fxe5
45.Nb4 e4 46.Nd5 e3 47.Nf6+ Kg6 48.Ng4 f1=Q  1-0

[Event "44th National A ch-IND"]
[Site "Atul IND"]
[Date "2006.12.21"]
[Round "5"]
[White "Saravanan,V1"]
[Black "Sinha,Sud"]
[Result "1/2-1/2"]
[WhiteElo "2383"]
[BlackElo "2182"]

1.e4 c5 2.Nf3 e6 3.d4 cxd4 4.Nxd4 Nc6 5.Nc3 Qc7 6.Be3 a6 7.Bd3 Nf6 8.O-O Bd6
9.Nxc6 dxc6 10.f4 e5 11.f5 b5 12.a4 b4 13.Nb1 Bb7 14.Nd2 c5 15.Qf3 Qc6 16.b3 Bc7
17.h3 h5 18.Qf2 Bd6 19.Nc4 Rc8 20.Na5 Qc7 21.Nxb7 Qxb7 22.Rae1 Nd7 23.Rd1 Be7
24.Bc4 Nf6 25.Bd5 Qc7 26.Qe2 Qa7 27.Rf2 h4 28.Qc4 O-O 29.Rfd2 Nh5 30.Qe2 Nf4
31.Qg4 Bf6 32.Bf2 Qe7 33.Bc4 Qb7 34.Re1 Rfd8 35.Rxd8+ Rxd8 36.Bxh4 Bxh4 37.Qxh4 Rd2
38.Bf1 Qd7 39.Kh1 Rxc2 40.f6 Ng6 41.Qg3 gxf6 42.Bxa6 Qd2 43.Re2 Rc1+ 44.Kh2 Qd1
45.Qf2 Qh1+ 46.Kg3 Rc3+ 47.Re3 Nf4 48.Rf3 Qb1 49.Bf1 Qxb3 50.a5 Qa4 51.Rxc3 bxc3
52.Qxc5 Qd1 53.Qxc3 Qxf1 54.Qc8+ Kg7 55.Qg4+ Kh6 56.Qh4+ Kg7 57.Qg4+ Kf8
58.Qc8+ Kg7  1/2-1/2

[Event "44th National A ch-IND"]
[Site "Atul IND"]
[Date "2006.12.22"]
[Round "6"]
[White "Venkatesh,M"]
[Black "Himanshu,Sh"]
[Result "1-0"]
[WhiteElo "2466"]
[BlackElo "2387"]

1.e4 c5 2.Nf3 Nc6 3.d4 cxd4 4.Nxd4 e6 5.Nc3 Qc7 6.Be3 a6 7.Qd2 Nf6 8.O-O-O Bb4
9.f3 Ne7 10.Nde2 b5 11.g4 h6 12.a3 Ba5 13.b4 Bb6 14.Bxb6 Qxb6 15.Qd6 Qxd6
16.Rxd6 Nc6 17.Bg2 Ke7 18.Rhd1 Rd8 19.f4 Nxg4 20.e5 Bb7 21.R1d3 Rab8 22.Bxc6 Bxc6
23.h3 Nf2 24.Rg3 Rbc8 25.Nd4 Bb7 26.Nb3 h5 27.Nc5 h4 28.Re3 Bc6 29.Nxa6 g5
30.fxg5 Rg8 31.Rd4 Rxg5 32.Rxh4 Rg1+ 33.Kb2 Rcg8 34.Re2 R8g2 35.Rd4 Nxh3
36.Rxg2 Rxg2 37.a4 bxa4 38.b5 a3+ 39.Kb3 a2 40.bxc6 a1=Q 41.Rxd7+ Ke8 42.Nc7+ Kf8
43.Rd8+ Kg7 44.Ne8+ Kg6 45.c7 Qc1 46.c8=Q Qxc2+ 47.Kb4 Rg4+ 48.Ka5 Qb2 49.Nd6 Qa1+
50.Kb6 Qg1+ 51.Kb7 Qg2+ 52.Kc7 Rg5 53.Rh8  1-0

[Event "44th National A ch-IND"]
[Site "Atul IND"]
[Date "2006.12.25"]
[Round "9"]
[White "Venkatesh,M"]
[Black "Kunte,A"]
[Result "0-1"]
[WhiteElo "2466"]
[BlackElo "2524"]

1.e4 c5 2.Nf3 e6 3.d4 cxd4 4.Nxd4 Nc6 5.Nc3 Qc7 6.Be3 a6 7.Be2 Nf6 8.O-O d6
9.a4 Be7 10.f4 O-O 11.Kh1 Re8 12.a5 Nxa5 13.e5 dxe5 14.fxe5 Qxe5 15.Bf4 Qc5
16.Na4 Qa7 17.Be3 Rd8 18.Bd3 b6 19.Qe2 Qc7 20.Qf3 b5 21.Nc3 Qb7 22.Qh3 Nc4
23.Bxh7+ Nxh7 24.Rxf7 Nxe3 25.Rxg7+ Kxg7 26.Nxe6+ Kh8  0-1

[Event "Harmonie"]
[Site "Groningen NED"]
[Date "2006.12.26"]
[Round "3"]
[White "Pruijssers,R"]
[Black "Michielsen,J"]
[Result "1-0"]
[WhiteElo "2339"]
[BlackElo "2334"]

1.e4 c5 2.Nf3 e6 3.d4 cxd4 4.Nxd4 Nc6 5.Nc3 Qc7 6.Be2 a6 7.O-O Nf6 8.Be3 Be7
9.f4 d6 10.Qe1 O-O 11.Qg3 Nxd4 12.Bxd4 b5 13.a3 Bb7 14.Bf3 Rad8 15.Kh1 Ne8
16.Qf2 Rd7 17.Rae1 Qd8 18.Bb6 Qb8 19.Rd1 Bd8 20.Ba7 Qa8 21.Bd4 Bf6 22.e5 Bxf3
23.Qxf3 Qxf3 24.Rxf3 dxe5 25.Bc5 Rc7 26.Bxf8 Kxf8 27.f5 Ke7 28.Rfd3 Rb7 29.fxe6 Kxe6
30.b4 Be7 31.Nd5 f5 32.Rc3 e4 33.g3 g5 34.Rc6+ Ke5 35.c4 f4 36.Nxe7  1-0

[Event "Weihnachtsopen Masters"]
[Site "Zurich SUI"]
[Date "2006.12.26"]
[Round "1"]
[White "Nuri,Kam"]
[Black "Pelletier,Y"]
[Result "0-1"]
[WhiteElo "2148"]
[BlackElo "2588"]

1.e4 c5 2.Nf3 e6 3.d4 cxd4 4.Nxd4 Nc6 5.Nc3 d6 6.Be3 Nf6 7.Be2 Be7 8.f4 O-O
9.O-O a6 10.Qe1 Bd7 11.a4 Qc7 12.Qg3 Nxd4 13.Bxd4 Bc6 14.a5 Rae8 15.Kh1 g6
16.Bf3 Nd7 17.f5 Bf6 18.Rad1 Ne5 19.Bb6 Qe7 20.Be2 Kh8 21.Be3 gxf5 22.Qh3 Rg8  0-1